000 00237 a2200097 4500
005 20260309133036.0
100 _aMusaddiq, Mansam (121119)
245 _aExplanstory Accounts for Relations....
260 _aMultan:
_bAUMC,
_c2014
942 _cSP
999 _c47106
_d47106